000 01501cam a2200241 4500500
005 20251228073523.0
041 _afre
042 _adc
100 1 0 _aRadiszcz, Esteban
_eauthor
245 0 0 _aQuelques propos sur le pouvoir en psychothérapie et en psychanalyse
260 _c2011.
500 _a41
520 _aRésuméSous une approche politique du problème des psychothérapies, on examine l’ Evidence-based Psychotherapy qui, née dans les vingt dernières années, semble représenter une forme de gouvernementalité contemporaine des vivants. Néanmoins, un tel examen ne saurait se faire sans se trouver confronté à la vive et difficile question du pouvoir en psychanalyse.
520 _aAbout the notion of power in psychotherapy and psychoanalysisWe approach the issue of psychotherapies from a political angle and analyze the « Evidence-based Psychotherapy » born during the last twenty years and which seems to propose a kind of governance of the living. Yet this analysis is bound to lead us to face the tricky issue of power in psychoanalysis.
690 _abiopouvoir
690 _aevidence-based Psychotherapy
690 _apolitique de la psychanalyse
690 _abio-power
690 _aevidence-based Psychotherapy
690 _athe politics of psychoanalysis
786 0 _nSavoirs et clinique | 14 | 2 | 2011-10-01 | p. 54-63 | 1634-3298
856 4 1 _uhttps://shs.cairn.info/revue-savoirs-et-cliniques-2011-2-page-54?lang=fr&redirect-ssocas=7080
999 _c1595351
_d1595351